00980nam a2200241 i 4500003000900000005001700009007000300026008004100029020001800070040003000088041000800118082001900126100006100145245009400206264010500300300006400405336002700469337003400496338002800530490006700558500007500625504003800700DO-SdBNP20250902143157.0ta250902b2015 dr ac||| |||| 00| 0 spa d a9789945082432 aDO-SdBNPbspacBNPHUerda aspa 4axxxbM386r2221 aMartínez Almanzar, Juan Franciscod1950 -4aut.eautor13aLa revoluciónn de Abril : bantes y después / cJuan Francisco Martínez Almánzar. aSanto Domingo, República Dominicana : bCentro de Adiestramiento e Investigación Social,c2015. axvi, 272, xv páginas :bilustraciones, retratos ; c22 cm atextobtxt2rdacontent asin mediación bn2rdamedia avolumenbnc2rdacarrier aColección Centro de Adiestramiento e Investigación Social  aIncluye datos biográficos del autor en la contracubierta.  aBibliografía: páginas [287]